000 00464nam a22001697a 4500
005 20251108164231.0
008 250721s1959 xx 000 0 ara d
082 1 4 _a790/جار
100 1 _aجاردنير، آيلا
245 1 0 _aبرامج الترفيه /
264 1 _aمصر :
_bدار المعارف،
_c1959.
300 _a219ص
650 1 7 _aالترفيه
700 1 _aشوقي، عبد المنعم
_eترجمة
942 _2ddc
_cBK
999 _c7046
_d7046